Lettres sur les monnaies égyptiennes /

محفوظ في:

المؤلف الرئيسي: Revillout, Eugène, 1843-1913 (مؤلف)

مؤلفون آخرون: Lenormant, François, 1837-1883.

التنسيق: كتاب

اللغة: French

الموضوعات:

الوسوم: إضافة وسم

لا توجد وسوم, كن أول من يضع وسما على هذه التسجيلة!

رقم الطلب: ( R )CJ1369. R45 1895

LEADER 00854namaa2200217 4500
001 17217
003 OSt
005 20210809114324.0
008 130303s1895 fr g 000 0 fre d
952 |0 0  |1 0  |2 lcc  |4 0  |7 1  |9 17601  |a ARCE  |b ARCE  |d 2021-08-09  |l 0  |o ( R )CJ1369. R45 1895  |p 1036260  |r 2021-08-09 00:00:00  |w 2021-08-09  |y BK 
999 |c 14467  |d 14467 
050 0 4 |a ( R )CJ1369. R45 1895 
100 1 |a Revillout, Eugène,  |d 1843-1913,  |e author  |9 38380 
245 1 0 |a Lettres sur les monnaies égyptiennes /  |c par E. Revillout.  
264 1 |a Paris :  |b J. Maisonneuve,  |c 1895.  
300 |a 247 pages ;  |c 28 cm. 
650 0 |a Numismatics  |z Egypt.  
700 1 2 |a Lenormant, François,  |d 1837-1883.  |t  Lettre à m. Eugène Revillout sur les monnaies égyptiennes.  |9 34657 
740 0 2 |a Lettre à m. Eugène Revillout sur les monnaies égyptiennes.  
901 |a reviewed 
942 |c BK  |2 lcc